Grupo : Revista de Psicoanálisis : núm. 7-8 : diciembre [de] 2005 /
Grupo: Revista de Psicoanálisis (2003-2008), publicación del Area de Psicología Social, de la Facultad de Psicología, de la Universidad Autónoma de Nuevo León (UANL), que sumó 10 números y fue dirigida por fue dirigida por el psicólogo y psicoanalista Rodolfo Alvarez del Castillo Luviano (Morelia, 1...
Kaydedildi:
| Diğer Yazarlar: | |
|---|---|
| Materyal Türü: | Kitap |
| Dil: | İspanyolca |
| Baskı/Yayın Bilgisi: |
Monterrey, México :
Universidad Autónoma de Nuevo León, Facultad de Psicología, Area de Psicología Social,
2005
|
| Seri Bilgileri: | (Grupo: Revista de Psicoanálisis ;
7-8) |
| Konular: | |
| Etiketler: |
Etiket eklenmemiş, İlk siz ekleyin!
|
MARC
| LEADER | 00000nam^a2200000^a^4500 | ||
|---|---|---|---|
| 001 | 000629858 | ||
| 005 | 20260408000000.0 | ||
| 009 | 20260409133036.003 | ||
| 037 | |a Acervo ITESO - Biblioteca | ||
| 041 | |a ESP | ||
| 082 | |a 150. 19505 |b GRU 2005 V. 7-8 | ||
| 240 | 1 | 1 | |a [Grupo: Revista de Psicoanálisis] |
| 245 | 0 | 0 | |a Grupo : |b Revista de Psicoanálisis : núm. 7-8 : diciembre [de] 2005 / |c Dir. de R. Alvarez del Castillo Luviano. |
| 264 | 1 | |a Monterrey, México : |b Universidad Autónoma de Nuevo León, Facultad de Psicología, Area de Psicología Social, |c 2005 | |
| 300 | |a 230 p. | ||
| 336 | |a texto |b txt |2 rdacontenido | ||
| 337 | |a sin mediación |b n |2 rdamedio | ||
| 338 | |a volumen |b nc |2 rdasoporte | ||
| 440 | 1 | |a (Grupo: Revista de Psicoanálisis ; |v 7-8) | |
| 520 | |a Grupo: Revista de Psicoanálisis (2003-2008), publicación del Area de Psicología Social, de la Facultad de Psicología, de la Universidad Autónoma de Nuevo León (UANL), que sumó 10 números y fue dirigida por fue dirigida por el psicólogo y psicoanalista Rodolfo Alvarez del Castillo Luviano (Morelia, 1956). El número doble 7-8, con fecha de diciembre de 2005, está formado por los siguientes contenidos: I) Grupos y pareja: 1) Self de pareja, espacio psíquico y organizaciones colusivas vinculares, por Jorge Sánchez-Escárcega y 2) Sueños y grupalidad, por Horacio Foladori Abeledo; II) Historia del psicoanálisis: 3) Psicoanálisis y sociedad en América Latina, por Enrique Guinsbeg; III) Psicoanálisis: 4) ¿Plegable yo?, por David Carlos Flores Palacios, 5) La pasión por el horror, por Julio Ortega Bobadilla, y 6) Marcas en el cuerpo: huída al encierro, por Carlos Fernández Gaos; IV) Instituciones: 7) El estatuto de la peligrosidad y de los estudios de personalidad, por Fernando M. González, 8) Desde la línea social de Freud: proyecto de psicología comunitaria, por María del Carmen Pardo y Brügman, 9) La asistencia psicológica y la formación de psicólogos en la UANL (... O de cómo se forman psicólogos a partir del desconocimiento), por Erika Martínez Jasso, 10) Educación virtual: nuevas formas de socialidad, por Guillermo Vanegas Arrambide, y 11) El estudio de caso: una estrategia de investigación en psicología clínica, por Manuel G. Muñiz García, y V) Clases: 12) Técnica de observación de grupos operativos, por Enrique Pichon-Rivière, 13) Dinámica de grupo: ECRO, por E. Pichon-Rivière, y 14) Contenidos anteriores de Grupo: Revista de Psicoanálisis, números 1 (agosto de 2003), 2 (diciembre de 2003), 3 (abril de 2004), 4 (agosto de 2004) y 5-6 (abril de 2005). | ||
| 567 | |a Catalogación rápida | ||
| 649 | |a XX | ||
| 650 | |a Psicoanálisis - |x Publicaciones Periódicas - |x Tema Principal | ||
| 650 | |a Psicología - |x Publicaciones Periódicas | ||
| 650 | |a Publicaciones Periódicas Mexicanas | ||
| 650 | |a Publicaciones Periódicas | ||
| 700 | |a Alvarez del Castillo Luviano, Rodolfo |e (dirección) | ||
| 910 | |a Fondo Castillo-Martínez | ||
| 920 | |a Impresos - Libros | ||
| 930 | |a Fondos Especiales | ||
| 905 | |a 127 | ||
| 901 | |a 629858-10 |b IT2 |c ESP |i D124243 |u 20260408 | ||
| 902 | |a https://opac.biblio.iteso.mx/vufind/Record/000629858 | ||